Cliquez sur les Pays d'Europe sur une carte - Statistiques

Statistiques générales
  • Ce quiz a été pris 2 191 fois
  • Le résultat moyen est 35 sur 45
Réponses sur la Carte
Les réponses sont colorées sur une échelle allant du rouge au vert en fonction du pourcentage des utilisateurs qui les ont devinées à leur premier essai. Vous pouvez retrouver ces pourcentages ci-dessous.
 
Statistiques - réponses
Réponse % Correct
France
88%
Italie
88%
Espagne
87%
Portugal
87%
Russie
87%
Allemagne
86%
Royaume-
Uni
86%
Belgique
85%
Monaco
85%
Irlande
84%
Luxembourg
84%
Suisse
84%
Ukraine
84%
Andorre
83%
Grèce
83%
Pays-Bas
83%
Pologne
82%
Biélorussie
81%
Islande
81%
Norvège
81%
Suède
81%
Vatican
80%
Danemark
79%
Finlande
77%
Liechtenstein
77%
Malte
77%
Roumanie
77%
Saint-Marin
77%
Autriche
76%
Lettonie
76%
Estonie
75%
Croatie
74%
Lituanie
74%
Kosovo
72%
République
tchèque
70%
Moldavie
68%
Albanie
67%
Macédoine
du Nord
67%
Bulgarie
65%
Hongrie
65%
Monténégro
64%
Slovaquie
62%
Serbie
61%
Slovénie
61%
Bosnie-
Herzégovine
59%
Aucun quiz correspondant
Distribution des résultats
% des personnes avec chaque résultat
Percentile par nombre de réponses
Votre historique - résultats
Vous n’avez pas pris ce quiz